000 00249nam a2200097Ia 4500
008 220204s9999 xx 000 0 und d
082 _a82-3
_bKEK
100 _aKeki N Daruwalla
245 0 _aSword and abyss: A collection of short stories
942 _cBK
999 _c29575
_d29575